000 01519nam a2200373 c 4500
003 BLK
005 20180420221322.0
008 180408b bul|||||r ||||||| ||bul||
010 _aKNG00045103000
020 _a978-954-8401-84-5
_bиздат.: Тракия-М
040 _aBLK
041 _aBUL
_cBUL
072 7 _2bullib
_aН33
_xИкономика Н
080 _aТуризмът от стопанско гледище. Политика по отношение на туризма. Икономика и организация на туризма. Вътрешен и международен туризъм. Вж и 379.8
_b338.48
_x
_z338.48
100 1 _aРибов, Манол Николов
_eпърви автор
_9246062
139 _aТуристическа политика
_bТ 92
245 1 0 _aТуристическа политика
_cМанол Николов Рибов.
257 _aBGR
260 София
_bТракия-М
_c2010
300 _a546 с.
_bс табл., диагр.
_c26 см
380 _a3
500 _aБиблиогр. с. 541-546
650 4 _aТуризъм - икономически проблеми
_9246366
653 _aтуризъм
653 _aикономическа политика
653 _aустойчиво развитие
653 _aуправление
659 _aН
852 _aЦб ІІ 17023
856 4 _qpdf
_u
856 4 _qpdf
_u
942 _cKNG
_n0
944 _aCR
_c30.12.2011
_kВиолета_Тройчева
944 _aED
_c17.12.2012
_k
999 _c41538
_d41538